Lista de IDH dos países da América - Statistics

Estatísticas Gerais
  • Esse quiz foi jogado 293 vezes
  • A pontuação média é 17 de 35
Estatísticas das Respostas
Taxa País % Correto
0,920 Canadá
99%
0,920 Estados Unidos
96%
0,847 Chile
91%
0,827 Argentina
84%
0,754 Brasil
60%
0,795 Uruguai
60%
0,493 Haiti
56%
0,792 Bahamas
51%
0,795 Barbados
51%
0,762 México
49%
0,788 Panamá
49%
0,775 Cuba
48%
0,776 Costa Rica
46%
0,740 Peru
46%
0,767 Venezuela
46%
0,786 Antigua e Barbuda
44%
0,780 Trinidad e Tobago
44%
0,739 Equador
42%
0,625 Honduras
42%
0,674 Bolívia
41%
0,730 Jamaica
41%
0,765 São Cristóvão e Nevis
41%
0,638 Guiana
40%
0,645 Nicarágua
40%
0,727 Colômbia
39%
0,680 El Salvador
39%
0,706 Belize
38%
0,754 Granada
38%
0,640 Guatemala
38%
0,693 Paraguai
38%
0,725 Suriname
36%
0,726 Domínica
35%
0,722 República Dominicana
35%
0,735 Santa Lúcia
35%
0,722 São Vicente e Granadinas
35%
Nenhum quiz correspondente encontrado
Distribuição das Pontuações
Porcentagem de Pessoas com Cada Pontuação
Percentil de Números Respondidos
Sua Pontuação Histórica
Você não jogou esse quiz